000 00729nai a2200205Ia 4500
003 IN-BaIIA
008 211028c9999 xx s 000 0 eng d
022 _a0018-9499 (Print)
022 _a1558-1578 (Online)
040 _cIIA Library
245 0 _aIEEE Transactions on Nuclear Science
_h[eJournal]
260 _aNew York, USA
_bThe Institute of Electrical and Electronics Engineers, Inc. (IEEE)
310 _aBimonthly
362 _a10(1); 1963 - Present
521 _bSubscribed through National Knowledge Resource Consortium (NKRC)
650 _a Bioengineering
650 _aNuclear Engineering
_948841
856 _uhttps://ieeexplore.ieee.org/servlet/opac?punumber=23
_yClick Here to Access eJournal
942 _cEJ
999 _c34713
_d34713